Caiçaras e caipiras: uma prosa sobre natureza, desenvolvimento e cultura (Registro nro. 20729)

Detalles MARC
000 -CABECERA
Campo de control 01116nam a22002657a 4500
005 - FECHA Y HORA DE LA ULTIMA TRANSACCION
Campo de control 20200124120100.0
008 - ELEMENTOS DE LONGITUD FIJA—INFORMACION GENERAL
Campo de control 200124b xxu||||| |||| 00| 0 spa d
040 ## - FUENTE DE CATALOGACIÓN
Agencia catalogadora original CO-BoIAVH
Agencia transcriptora CO-BoIAVH
041 ## - IDIOMA
Código de idioma para texto/pista de sonido o título separado Portugués
044 ## - PAÍS DE PUBLICACIÓN
País de publicación Brasil
082 ## - NUMERO DE CLASIFICACION DECIMAL DEWEY
Número de clasificación 639.3
Número del ítem G89c
100 ## - ASIENTO PRINCIPAL--NOMBRE PERSONAL
9 (RLIN) 101947
110 ## - ASIENTO PRINCIPAL--NOMBRE CORPORATIVO
9 (RLIN) 102360
Nombre corporativo o de jurisdicción como elemento de entrada Grupo de pesquisa em conservação e Gestão de Recursos Naturais de Uso Comum (CGCommons)
245 ## - MENCION DE TITULO
Título Caiçaras e caipiras: uma prosa sobre natureza, desenvolvimento e cultura
Parte restante del título Sete anos de pesquisa e extensão universitária
Mención de responsabilidad CG Commons; organizadores Luciana Gomes Araujo y otros
260 ## - PUBLICACION, DISTRIBUCION, ETC. (PIE DE IMPRENTA)
Lugar de publicación, distribución, etc. Campinas,
Nombre del editor, distribuidor, etc. UNICAMP,
-- NEPAM
Fecha de publicación, distribución, etc. 2017.
300 ## - DESCRIPCION FISICA
Extensión 63 páginas
Otros detalles físicos Fotografías e ilustraciones,
Dimensiones 28.4 x 21.9 cm
650 #0 - ASIENTO SECUNDARIO DE MATERIA - TERMINO TEMATICO
9 (RLIN) 25466
Término temático o nombre geográfico como elemento de entrada Pesca
650 #0 - ASIENTO SECUNDARIO DE MATERIA - TERMINO TEMATICO
9 (RLIN) 61554
Término temático o nombre geográfico como elemento de entrada Conservación ambiental
650 #0 - ASIENTO SECUNDARIO DE MATERIA - TERMINO TEMATICO
9 (RLIN) 100952
Término temático o nombre geográfico como elemento de entrada Manejo de recursos naturales
700 ## - ASIENTO SECUNDARIO - NOMBRE PERSONAL
9 (RLIN) 101948
Nombre personal Esteves Dias, Ana Carolina
Término de relación Organizadora
700 ## - ASIENTO SECUNDARIO - NOMBRE PERSONAL
9 (RLIN) 101949
Nombre personal Santos Prado, Deborah
Término de relación Organizadora
700 ## - ASIENTO SECUNDARIO - NOMBRE PERSONAL
9 (RLIN) 101950
Nombre personal Rodrigues de Freitas, Rodrigo
Término de relación Organizadora
700 ## - ASIENTO SECUNDARIO - NOMBRE PERSONAL
9 (RLIN) 101951
Nombre personal Simao Seixas, Cristiana
Término de relación Organizadora
942 ## - ELEMENTOS ADICIONALES (KOHA)
Sistema de clasificación Dewey Decimal Classification
Tipo de ítem Libro
Existencias
Withdrawn status Lost status Sistema de Clasificación Damaged status No para préstamo Colección Ubicación Permanente Ubicación actual Fecha de adquisición Total Checkouts Número topográfico Inventario / Código de Barras Date last seen Ejemplar Price effective from Forma de adquisición Tipo de material
    Dewey Decimal Classification     General Bogotá Bogotá 24/01/2020   LB-639.3 G89c 043994 24/01/2020 Ej. 1 24/01/2020 Donación Libro